تحميل...

Mattullavaruda Venal. /

التفاصيل البيبلوغرافية
المؤلف الرئيسي: Padmarajan, P.
اللغة:Undetermined
منشور في: 1970.
LEADER 00377nam a2200121Ia 4500
001 67167
008 170722s9999 xx 000 0 und d
100 |a Padmarajan, P. 
245 |a Mattullavaruda Venal. / 
260 |c 1970. 
942 |c GEN 
999 |c 81443  |d 81443 
952 |0 0  |1 0  |4 0  |6 O_3231NPA22X_L02_KR  |7 0  |9 114183  |a LIB  |b LIB  |d 2017-08-12  |o O32,31NPA22x L02 (KR)  |p 137866  |r 2017-08-12  |w 2017-08-12  |y GEN